Chansons les plus streamées : Patrick Bruel - Statistiques

Statistiques générales
  • Ce quiz a été pris 194 fois
    25 depuis la dernière actualisation
  • Le résultat moyen est 4 sur 10
Statistiques - réponses
Nb de streams Chanson % Correct
12 500 000 Casser la voix
86%
56 000 000 Place des grands hommes
76%
13 500 000 Alors regarde
62%
37 000 000 J'te l'dis quand même
62%
15 500 000 Au café des délices
48%
15 000 000 Mon amant de Saint-Jean
33%
7 000 000 J'te mentirais
10%
7 500 000 Origami (avec Ycare)
10%
15 500 000 Pas eu le temps
5%
8 000 000 Corsica (avec Patrick Fiori)
0%
Aucun quiz correspondant
Distribution des résultats
% des personnes avec chaque résultat
Percentile par nombre de réponses
Votre historique - résultats
Vous n’avez pas pris ce quiz depuis la dernière actualisation